| 000 | 00390nam a2200157Ia 4500 | ||
|---|---|---|---|
| 008 | 230917s9999||||xx |||||||||||||| ||und|| | ||
| 020 | _cPON4.95 | ||
| 040 |
_e9826 _aMAIN |
||
| 041 | _aEnglish | ||
| 082 | _a301.0973 R752T | ||
| 100 | _aRocher, Guy | ||
| 245 | 0 | _aTalcott persons and American sociology | |
| 260 |
_aLondon _bThomas Nelson _c1974 |
||
| 300 | _axvi, 186 p. | ||
| 942 | _cBK | ||
| 999 |
_c195934 _d195934 |
||